| 000 | 00486nam a2200193Ia 4500 | ||
|---|---|---|---|
| 003 | GCL | ||
| 008 | 140319s9999 xx 000 0 eng d | ||
| 040 |
_aGCL / _cGCL |
||
| 082 | 0 | 4 |
_a895.46 _bH I |
| 100 | 1 | _aHANGKUI, SHANG | |
| 245 | 1 | 0 |
_aINSIDE STORIES FROM THE FORBIDDEN CITY / _cHANGKUI, SHANG |
| 700 | 1 | _aER SI | |
| 700 | 1 | _aSHUHAN, ZHOO | |
| 260 |
_a[S.N] : _bNEW WORLD PRESS |
||
| 300 | _a165 P | ||
| 650 | 0 | 4 | _aLITERATURE |
| 650 | 0 | 4 | _aLITERATURE - CHINA |
| 942 |
_2ddc _cBK |
||
| 999 |
_c14191 _d14191 |
||